000 01511nam a2200361 a 4500
001 ebr10534194
003 CaPaEBR
006 m u
007 cr cn|||||||||
008 111018s2012 vtu sb 001 0 eng d
010 _z 2011039534
020 _z9781409430568 (hbk. : alk. paper)
020 _z9781409430575 (e-book)
040 _aCaPaEBR
_cCaPaEBR
035 _a(OCoLC)785782910
043 _ae-uk-ui
050 1 4 _aUG447.8
_b.B325 2012eb
082 0 4 _a358/.34072041
_223
100 1 _aBalmer, Brian,
_d1965-
245 1 0 _aSecrecy and science
_h[electronic resource] :
_ba historical sociology of biological and chemical warfare /
_cBrian Balmer.
246 3 0 _aHistorical sociology of biological and chemical warfare
260 _aBurlington, Vt. :
_bAshgate Pub. Co.,
_cc2012.
300 _axiii, 168 p.
504 _aIncludes bibliographical references and index.
533 _aElectronic reproduction.
_bPalo Alto, Calif. :
_cebrary,
_d2011.
_nAvailable via World Wide Web.
_nAccess may be limited to ebrary affiliated libraries.
650 0 _aBiological warfare
_xResearch
_zGreat Britain
_xHistory.
650 0 _aChemical warfare
_xResearch
_zGreat Britain
_xHistory.
650 0 _aOfficial secrets
_zGreat Britain
_xHistory.
650 0 _aMilitary research
_xSocial aspects.
655 7 _aElectronic books.
_2local
710 2 _aebrary, Inc.
856 4 0 _uhttp://site.ebrary.com/lib/rucke/Doc?id=10534194
_zAn electronic book accessible through the World Wide Web; click to view
999 _c235772
_d235772